City of Aberdeen District Council v Secretary of State for Scotland (Record no. 23717)

MARC details
000 -LEADER
fixed length control field 01521cab a2200253 4500
001 - CONTROL NUMBER
control field E1959
008 - FIXED-LENGTH DATA ELEMENTS--GENERAL INFORMATION
fixed length control field 090401t1993 xxu||||| |||| 00| 0 eng d
035 ## - SYSTEM CONTROL NUMBER
System control number (Sirsi) u36601
041 ## - LANGUAGE CODE
Language code of text/sound track or separate title eng
245 ## - TITLE STATEMENT
Title City of Aberdeen District Council v Secretary of State for Scotland
260 ## - PUBLICATION, DISTRIBUTION, ETC.
Date of publication, distribution, etc. 1993
350 ## - PRICE (NR) (BK AM CF MU VM SE) [OBSOLETE]
Price 0
490 ## - SERIES STATEMENT
Series statement Scots Law Times
Volume/sequential designation 1993 SLT 1325-1327(3)
520 ## - SUMMARY, ETC.
Summary, etc. Town and Country Planning - planning permission - change of use to that of hot food retail shop - loss of amenity - application refused by district council but allowed by reporter on appeal - reporter considering matter of litter a matter dealt with by general legislation and not proper reason for withholding planning permission - whether a matter for reporter to consider in context of residential amenity - whether reporter erred - Town and Country Planning (Scotland) Act 1972 (c52), ss231 and 233 - Town and Country Planning (Use Classes)(Scotland) Order 1973 (SI 1973/1165). Town and Country Planning - planning permission - change of use - loss of amenity - area of mixed commercial and residential use - proper test of loss of amenity. First Division. 28 June 1991.
650 ## - SUBJECT ADDED ENTRY--TOPICAL TERM
Topical term or geographic name entry element CHANGE OF USE
650 ## - SUBJECT ADDED ENTRY--TOPICAL TERM
Topical term or geographic name entry element LOSS OF AMENITY
650 ## - SUBJECT ADDED ENTRY--TOPICAL TERM
Topical term or geographic name entry element PLANNING PERMISSION
650 ## - SUBJECT ADDED ENTRY--TOPICAL TERM
Topical term or geographic name entry element TOWN AND COUNTRY PLANNING (SCOTLAND) ACT 1972
650 ## - SUBJECT ADDED ENTRY--TOPICAL TERM
Topical term or geographic name entry element TOWN AND COUNTRY PLANNING (USE CLASSES)(SCOTLAND) ORDER 1973
650 ## - SUBJECT ADDED ENTRY--TOPICAL TERM
Topical term or geographic name entry element TOWN AND COUNTRY PLANNING
690 ## - LOCAL SUBJECT ADDED ENTRY--TOPICAL TERM (OCLC, RLIN)
Topical term or geographic name as entry element PLANNING LAW AND PRACTICE-CASE LAW
942 ## - ADDED ENTRY ELEMENTS (KOHA)
Suppress in OPAC 0
948 ## - LOCAL PROCESSING INFORMATION (OCLC); SERIES PART DESIGNATOR (RLIN)
c (OCLC) 04/03/1997
Holdings
Withdrawn status Lost status Source of classification or shelving scheme Damaged status Not for loan Home library Current library Shelving location Date acquired Total Checkouts Full call number Barcode Date last seen Copy number Price effective from Koha item type
    Dewey Decimal Classification     London London Journal article 14/09/1999   E1959 36601-1001 06/08/2019 1 06/08/2019 Law report